000 00832nam a22002295i 4500
001 151993
003 ES-MaACL
005 20250727062613.0
008 010803s1900 fr |||| | fre d
040 _aCCPB | B
_bspa
_cCCPB | B
100 1 _aBernstein, Ed.
_9125952
245 1 0 _aSocialisme théorique et socialdémocratie pratique /
_cEd. Bernstein ; traduction d'Alexandre Cohen.
260 _aParis :
_bP.V. Stock, éditeur (ancienne librairie Tresse & Stock),
_c1900 (
_eSaint-Amand) :
_fImprimerie Destenay)
300 _aXLIV, 305 p. ;
_c19 cm.
490 1 _aRecherches sociales ;
_v1
650 7 _aSocialismo
_2embne
_917147
700 1 _aCohen, Alexandre.
_939483
830 0 _aRecherches sociales ;
_v1
_9188077
852 _aES-MaACL
_jD-2701
_z-- Enc. pasta
999 _c151993
_d151993